| 000 | 01049nam a22002417a 4500 | ||
|---|---|---|---|
| 001 | 77741 | ||
| 003 | BD-RjUL | ||
| 005 | 20211209083022.0 | ||
| 008 | 210104b2014 bg ||||| |||| 00| 0 ben d | ||
| 020 | _a9789843367013 | ||
| 035 | _a(BD-RjUL)77967 | ||
| 040 |
_aBD-RjUL _beng _cBD-RjUL |
||
| 041 | _aben | ||
| 082 |
_223 _a297.09 _bMOM 2014 |
||
| 100 |
_aমোতাহ্হারী, আয়াতুল্লাহ্ মোর্তাযা _9143755 |
||
| 245 | 1 | 0 |
_aমানুষ ও তার ভাগ্য / _cশহীদ আয়াতুল্লাহ্ মোর্তাযা মোতাহ্হারী; অনুবাদ: নূর হোসেন মজিদী |
| 260 |
_aঢাকা : _bমানব উন্নয়ন সংস্থা, _c২০১৪ |
||
| 300 |
_a১৪৪ পৃৃ.; _c২২ সেমি. |
||
| 650 |
_aইসলাম _xইতিহাস _9243238 |
||
| 650 |
_aIslam _xHistory _9243239 |
||
| 700 |
_aমজিদী, নূর হোসেন _9243243 |
||
| 942 |
_2ddc _cBK |
||
| 999 |
_c77741 _d77741 |
||